=LDR 00000nam 2200000 4500 =001 NUTBA000000000002606 =005 20140623102334.0 =006 =007 =008 =020 ##$$a 978-602-2240-23-5 =035 ##$$a 0010-061400000000549 =040 ##$$a NBPDMAT =082 ##$$a 615.324 324 =090 ##$$a 615.324 324 $b And l =100 ##$$a Andarini Saptika =245 ##$$a Aneka olahan lidah buaya / $c Andarini Saptika =250 ##$$a Cet.2 =260 ##$$a vi, 58 hlm. $b ilus. ; $c 25 cm. =300 ##$$a vi, 58 hlm. : $b ilus. ; $c 25 cm. =500 ##$$a Bibliografi : hlm. 58 =650 ##$$a Lidah Buaya =700 ##$$a Morena Cindo =850 ##$$a NBPDMAT =990 ##$$a 21402762